Duševné vlastníctvo v podnikaní

Duševné vlastníctvo je významným zdrojom úspešného podnikania. Autori analyzujú pozíciu duševného vlastníctva ako zložky podnikania. Vychádzajú zo všeobecnej definície podniku, účtovnej evidencie, externých informácii a identifikujú duševné vlastníctvo podniku v tejto evidencii. Evidencia duševného...

Full description

Saved in:
Bibliographic Details
Main Author: Matušovič, Martin
Other Authors: Stankovičová, Iveta
Format: Book Chapter
Language:Slovak
Subjects:
Tags: Add Tag
No Tags, Be the first to tag this record!

MARC

LEADER 00000nla$a2200000$$$4500
001 0092328
005 20240502083234.5
041 0 |a slo 
044 |a CZ 
245 1 0 |a Duševné vlastníctvo v podnikaní  |c Martin Matušovič, Iveta Stankovičová 
520 |a Duševné vlastníctvo je významným zdrojom úspešného podnikania. Autori analyzujú pozíciu duševného vlastníctva ako zložky podnikania. Vychádzajú zo všeobecnej definície podniku, účtovnej evidencie, externých informácii a identifikujú duševné vlastníctvo podniku v tejto evidencii. Evidencia duševného vlastníctva neodzrkadľuje realitu z hľadiska kvantity ani kvality. Mnohé zložky duševného vlastníctva v evidencii nenachádzajú, alebo ich hodnotu neviedia presne identifikovať. Evidované zložky nemajú reálnu hodnotu. 
610 2 0 |a vlastníctvo duševné 
610 2 0 |a majetok nehmotný 
610 2 0 |a evidencia 
610 2 0 |a podnikanie 
100 1 |a Matušovič, Martin 
700 1 |a Stankovičová, Iveta